[Event "6. Open Veteranos de Calviá"]
[Site "Calviá ESP"]
[Date "2006.10.22"]
[Round "3.9"]
[White "Alonso Perez, Jose Ramon"]
[Black "Berry, Stephen"]
[Result "0-1"]
[WhiteElo "2036"]
[BlackElo "2365"]
[PlyCount "64"]
[EventDate "2006.10.20"]
[EventType "swiss"]
[EventRounds "9"]
[EventCountry "ESP"]
[Source "lmi"]
[SourceDate "2006.10.20"]

1. d4 Nf6 2. c4 e6 3. Nc3 Bb4 4. Qc2 O-O 5. a3 Bxc3+ 6. Qxc3 Ne4 7. Qc2 f5 8.
g3 b6 9. Bg2 Bb7 10. Nh3 c5 11. Be3 cxd4 12. Bxd4 Nc6 13. Rd1 Nxd4 14. Rxd4 Qe7
15. O-O Rac8 16. Qa4 Bc6 17. Qb4 Qf6 18. Rfd1 h6 19. f3 Ng5 20. Nxg5 hxg5 21.
b3 f4 22. Bh3 Qe5 23. Qd2 fxg3 24. Rg4 gxh2+ 25. Kh1 Rf4 26. Rxf4 gxf4 27. Kxh2
Kf7 28. Rg1 Rh8 29. Rg4 g5 30. b4 Ke7 31. b5 Bb7 32. Rg1 Qf5 0-1

[Event "6. Open Veteranos de Calviá"]
[Site "Calviá ESP"]
[Date "2006.10.22"]
[Round "3.10"]
[White "Lastras Hernandez, Tomas"]
[Black "Kozarcanin, Sead"]
[Result "1/2-1/2"]
[WhiteElo "1986"]
[BlackElo "2213"]
[PlyCount "81"]
[EventDate "2006.10.20"]
[EventType "swiss"]
[EventRounds "9"]
[EventCountry "ESP"]
[Source "lmi"]
[SourceDate "2006.10.20"]

1. c4 f5 2. Nc3 Nf6 3. d4 e6 4. Nf3 d5 5. e3 c6 6. Be2 Bd6 7. O-O O-O 8. Ne5
Bxe5 9. dxe5 Ne4 10. f4 b6 11. cxd5 cxd5 12. Nxe4 fxe4 13. b3 Ba6 14. Ba3 Rf7
15. Rc1 Rc7 16. Qd2 Bb7 17. Bg4 Bc8 18. f5 Rxc1 19. Qxc1 exf5 20. Bxf5 Bxf5 21.
Rxf5 Nd7 22. Qc6 Nc5 23. e6 Qe8 24. Qxd5 Rd8 25. Qe5 Rd1+ 26. Kf2 Nd3+ 27. Ke2
Nxe5 28. Kxd1 Ng6 29. Rf7 Qxe6 30. Rxa7 Qd5+ 31. Ke1 Ne5 32. Ra4 Nd3+ 33. Ke2
Qf5 34. Ra8+ Kf7 35. Rf8+ Ke6 36. Rxf5 Kxf5 37. Bf8 g5 38. a4 Ke6 39. g4 Ne5
40. h3 Kd5 41. Be7 1/2-1/2

[Event "6. Open Veteranos de Calviá"]
[Site "Calviá ESP"]
[Date "2006.10.22"]
[Round "3.11"]
[White "Buxade Roca, Guillermo"]
[Black "Perez Cameselle, Francisco"]
[Result "1-0"]
[WhiteElo "2205"]
[BlackElo "1981"]
[PlyCount "87"]
[EventDate "2006.10.20"]
[EventType "swiss"]
[EventRounds "9"]
[EventCountry "ESP"]
[Source "lmi"]
[SourceDate "2006.10.20"]

1. d4 Nf6 2. Nf3 g6 3. Bf4 Bg7 4. e3 d6 5. h3 O-O 6. Bc4 Nbd7 7. O-O e6 8. Nbd2
Qe7 9. e4 e5 10. dxe5 dxe5 11. Bg5 h6 12. Bh4 g5 13. Bg3 Nh5 14. Bxe5 Nxe5 15.
Nxe5 Qxe5 16. Qxh5 Qxb2 17. Bb3 Be6 18. Rab1 Qc3 19. Nf3 Bxb3 20. cxb3 c6 21.
h4 f6 22. Rbd1 Rad8 23. Qg6 Rd3 24. e5 Rfd8 25. Rde1 fxe5 26. hxg5 R3d6 27. Qe4
hxg5 28. Nxg5 Qd3 29. Nf3 Qxe4 30. Rxe4 Kf7 31. Rfe1 Rd1 32. Nxe5+ Bxe5 33.
Rxe5 Rxe1+ 34. Rxe1 Rd2 35. a4 Rb2 36. Re3 Kf6 37. g3 Kf5 38. Kg2 Kg4 39. Rc3
b5 40. Rxc6 Rxb3 41. axb5 Rxb5 42. Ra6 Rb7 43. Ra5 Rb3 44. f3+ 1-0

[Event "6. Open Veteranos de Calviá"]
[Site "Calviá ESP"]
[Date "2006.10.22"]
[Round "3.12"]
[White "Castan Sanclemente, Alejandro"]
[Black "Coll, Enriques Lluis"]
[Result "1/2-1/2"]
[WhiteElo "1982"]
[BlackElo "2194"]
[PlyCount "111"]
[EventDate "2006.10.20"]
[EventType "swiss"]
[EventRounds "9"]
[EventCountry "ESP"]
[Source "lmi"]
[SourceDate "2006.10.20"]

1. d4 Nf6 2. Nf3 e6 3. e3 b6 4. Bd3 Bb7 5. O-O g6 6. Re1 d5 7. Nbd2 Ne4 8. c4
Bg7 9. b3 O-O 10. Bb2 Nd7 11. cxd5 exd5 12. Rc1 a6 13. Qc2 Nxd2 14. Nxd2 Rc8
15. Nf3 Re8 16. e4 Nf6 17. e5 Nd7 18. Qd2 Nf8 19. h3 Ne6 20. Nh2 Qh4 21. Nf3
Qh5 22. Qe2 Nf4 23. Qd1 c5 24. Nh2 Qg5 25. Qf3 c4 26. Bf1 b5 27. Rcd1 Ne6 28.
Bc1 Qf5 29. Qxf5 gxf5 30. Nf3 c3 31. Re2 b4 32. Rc2 Rc6 33. Bd3 f4 34. a3 Bf8
35. a4 Be7 36. g3 fxg3 37. fxg3 Bd8 38. Rf2 Bb6 39. Bc2 a5 40. Ng5 Nxd4 41.
Bxh7+ Kh8 42. Rxf7 c2 43. Rxd4 Bxd4+ 44. Kg2 Bc8 45. Bd3 Ba6 46. Bxa6 Rxa6 47.
Rd7 Rf8 48. Nf7+ Rxf7 49. Rxf7 Bxe5 50. Rf5 Re6 51. Rf2 Rc6 52. Rf5 Bc7 53.
Rxd5 Rc3 54. g4 Rg3+ 55. Kf2 Rxh3 56. Rh5+ 1/2-1/2

[Event "6. Open Veteranos de Calviá"]
[Site "Calviá ESP"]
[Date "2006.10.22"]
[Round "3.13"]
[White "Gomez Feria, Jose Maria"]
[Black "Estrada Martinez, Cesar"]
[Result "0-1"]
[WhiteElo "1973"]
[BlackElo "2167"]
[PlyCount "100"]
[EventDate "2006.10.20"]
[EventType "swiss"]
[EventRounds "9"]
[EventCountry "ESP"]
[Source "lmi"]
[SourceDate "2006.10.20"]

1. Nf3 c5 2. c4 Nf6 3. Nc3 d5 4. cxd5 Nxd5 5. g3 Nc6 6. Bg2 Nc7 7. O-O e5 8. d3
Be7 9. b3 O-O 10. Bb2 Be6 11. Rc1 f6 12. Qd2 Qd7 13. Rfd1 Rac8 14. Qe3 Nd5 15.
Qd2 Nxc3 16. Bxc3 Rfd8 17. Qb2 Bd5 18. h4 Nd4 19. Ne1 Bxg2 20. Kxg2 f5 21. e3
Qd5+ 22. f3 Nc6 23. Kh2 Bf6 24. Qf2 Rd6 25. e4 Qe6 26. Qxc5 Nd4 27. Qb4 Rb6 28.
Qa3 Ne2 29. Qb2 Nxc1 30. Rxc1 Rbc6 31. Bd2 f4 32. Rc4 fxg3+ 33. Kxg3 Qe7 34.
Ng2 b5 35. Rxc6 Rxc6 36. Be3 h5 37. b4 g5 38. Qb3+ Kg7 39. hxg5 Bxg5 40. Bc5
Bf4+ 41. Nxf4 Qg5+ 42. Kf2 Qxf4 43. Qd5 Rf6 44. Qd7+ Rf7 45. Qh3 Qd2+ 46. Kg1
Rf6 47. Kh1 Qd1+ 48. Kh2 Qxf3 49. Bxa7 Qxh3+ 50. Kxh3 Rf3+ 0-1

[Event "6. Open Veteranos de Calviá"]
[Site "Calviá ESP"]
[Date "2006.10.22"]
[Round "3.14"]
[White "Antigua Padros, Jordi"]
[Black "Mercadal Melia, Dante"]
[Result "1/2-1/2"]
[WhiteElo "2160"]
[BlackElo "1973"]
[PlyCount "46"]
[EventDate "2006.10.20"]
[EventType "swiss"]
[EventRounds "9"]
[EventCountry "ESP"]
[Source "lmi"]
[SourceDate "2006.10.20"]

1. e4 b6 2. d4 Bb7 3. Bd3 e6 4. Nf3 Nf6 5. Qe2 Nc6 6. c3 g6 7. Bf4 d5 8. e5 Nd7
9. Nbd2 Ne7 10. h4 h6 11. g4 Bg7 12. Nf1 c6 13. Ng3 Qc7 14. Kf1 Nf8 15. Kg2 Qd7
16. b4 Nh7 17. Qd2 Nf8 18. a4 h5 19. gxh5 gxh5 20. Bg5 O-O-O 21. Ng1 Nfg6 22.
N1e2 Rdf8 23. Qc2 Qe8 1/2-1/2

[Event "6. Open Veteranos de Calviá"]
[Site "Calviá ESP"]
[Date "2006.10.22"]
[Round "3.15"]
[White "Arias Velasco, Jose"]
[Black "Tejero Royo, Fermin"]
[Result "0-1"]
[WhiteElo "1961"]
[BlackElo "2159"]
[PlyCount "74"]
[EventDate "2006.10.20"]
[EventType "swiss"]
[EventRounds "9"]
[EventCountry "ESP"]
[Source "lmi"]
[SourceDate "2006.10.20"]

1. e4 e6 2. d4 d5 3. e5 c5 4. Nf3 cxd4 5. Bd3 Nc6 6. O-O Nge7 7. Re1 Ng6 8. a3
Qc7 9. Qe2 Be7 10. b4 f6 11. Bxg6+ hxg6 12. Bf4 g5 13. b5 gxf4 14. bxc6 bxc6
15. Qd3 f5 16. Nxd4 a6 17. Nd2 c5 18. N4f3 g5 19. h3 Rh6 20. c4 d4 21. Rab1 Bb7
22. Rb3 Kf7 23. Nh2 Rah8 24. Qb1 Ba8 25. f3 Bd8 26. Rb8 Qc6 27. Re2 g4 28. fxg4
Rxh3 29. Rxd8 Rxd8 30. gxf5 Rg8 31. Ne4 d3 32. fxe6+ Qxe6 33. Rf2 Qxe5 34. Qf1
Bxe4 35. Rxf4+ Ke6 36. Nf3 Bxf3 37. Rxf3 Qh2+ 0-1

[Event "6. Open Veteranos de Calviá"]
[Site "Calviá ESP"]
[Date "2006.10.22"]
[Round "3.16"]
[White "Serra Olives, Tomas"]
[Black "Pellicer Sancho, Rafael Jose"]
[Result "1-0"]
[WhiteElo "2132"]
[BlackElo "1961"]
[PlyCount "110"]
[EventDate "2006.10.20"]
[EventType "swiss"]
[EventRounds "9"]
[EventCountry "ESP"]
[Source "lmi"]
[SourceDate "2006.10.20"]

1. e4 g6 2. d4 Bg7 3. Nc3 d5 4. exd5 Nf6 5. Bb5+ Nbd7 6. Nge2 O-O 7. O-O Nb6 8.
Re1 Nbxd5 9. Nxd5 Nxd5 10. Bd3 Bg4 11. f3 Be6 12. a3 Nb6 13. c3 c6 14. b3 a5
15. Nf4 Bc8 16. Bd2 Nd5 17. Qe2 Nxf4 18. Bxf4 e6 19. Be4 Qb6 20. Bc2 c5 21. Be5
cxd4 22. cxd4 f6 23. Bg3 Qxd4+ 24. Bf2 Qd8 25. Rad1 Qe8 26. Rd6 Ra6 27. Bb6 Qe7
28. Red1 Rxb6 29. Rxb6 Qc5+ 30. Qf2 Qxa3 31. Be4 Re8 32. Qc2 Bf8 33. Rc1 Qe7
34. Qc7 f5 35. Bxb7 Bxb7 36. Rxb7 Qxc7 37. Rcxc7 h5 38. Ra7 Bb4 39. Rg7+ Kh8
40. Rh7+ Kg8 41. Rag7+ Kf8 42. Rc7 Kg8 43. Rhg7+ Kh8 44. Rxg6 Bf8 45. Kf1 e5
46. Rg5 f4 47. Rxh5+ Kg8 48. Rf5 Bd6 49. Rd7 Bb4 50. Rff7 Rc8 51. Rc7 Rd8 52.
Rfd7 Re8 53. Ke2 e4 54. Rg7+ Kh8 55. Rh7+ Kg8 1-0

[Event "6. Open Veteranos de Calviá"]
[Site "Calviá ESP"]
[Date "2006.10.22"]
[Round "3.17"]
[White "Salgado Gonzalez, Julio"]
[Black "Batalla Batalla, Josep"]
[Result "1-0"]
[WhiteElo "1955"]
[BlackElo "2127"]
[PlyCount "67"]
[EventDate "2006.10.20"]
[EventType "swiss"]
[EventRounds "9"]
[EventCountry "ESP"]
[Source "lmi"]
[SourceDate "2006.10.20"]

1. d4 d5 2. Bf4 c6 3. Nd2 Nf6 4. e3 e6 5. Bd3 Be7 6. Ngf3 Nbd7 7. Qe2 O-O 8.
Rg1 c5 9. c3 Re8 10. g4 Nf8 11. Ne5 N6d7 12. g5 f5 13. gxf6 Bxf6 14. Qh5 Qe7
15. Ndf3 Bxe5 16. dxe5 Qf7 17. Qh3 g6 18. Rg3 c4 19. Bc2 Nc5 20. Ng5 Qg7 21.
O-O-O Bd7 22. Rdg1 Nd3+ 23. Bxd3 cxd3 24. Nf3 Rac8 25. Bh6 Qf7 26. Bxf8 Rxf8
27. Ng5 Qe7 28. Nxh7 Rxc3+ 29. Kb1 Rc1+ 30. Kxc1 Qc5+ 31. Kb1 Qc2+ 32. Ka1 d2
33. Rxg6+ Kf7 34. Qf3+ 1-0

[Event "6. Open Veteranos de Calviá"]
[Site "Calviá ESP"]
[Date "2006.10.22"]
[Round "3.19"]
[White "Yanez Acin, Gonzalo"]
[Black "Patola, Eero"]
[Result "0-1"]
[WhiteElo "1988"]
[BlackElo "1959"]
[PlyCount "136"]
[EventDate "2006.10.20"]
[EventType "swiss"]
[EventRounds "9"]
[EventCountry "ESP"]
[Source "lmi"]
[SourceDate "2006.10.20"]

1. e4 c5 2. Nf3 e6 3. d4 cxd4 4. Nxd4 a6 5. Bd3 Nf6 6. O-O Qc7 7. Qe2 d6 8. c3
b5 9. a4 bxa4 10. Rxa4 Be7 11. b4 O-O 12. Be3 Bb7 13. f3 Nfd7 14. f4 a5 15. Rc1
Nc6 16. b5 Nxd4 17. cxd4 Qb8 18. Qe1 Bd8 19. Nc3 Bb6 20. Ra2 Qa7 21. Ne2 e5 22.
Qf2 Rac8 23. Rxc8 Rxc8 24. fxe5 Nxe5 25. Rd2 Nxd3 26. Rxd3 Bxe4 27. d5 Bxe3 28.
Rxe3 f5 29. Ra3 Qxf2+ 30. Kxf2 Bxd5 31. Rxa5 Ra8 32. Ra6 Rxa6 33. bxa6 Kf7 34.
Nc3 Bc6 35. a7 Ke7 36. Na4 Kd8 37. Nb6 Kc7 38. Nc4 d5 39. Ne5 Ba8 40. h4 Kb6
41. g4 fxg4 42. Nxg4 Kxa7 43. Ke3 Kb6 44. h5 Kc5 45. h6 gxh6 46. Nf6 d4+ 47.
Kd3 Bc6 48. Nxh7 Bb5+ 49. Kd2 h5 50. Nf6 h4 51. Ng4 Kd5 52. Nh2 Ke4 53. Ke1 Kf4
54. Kf2 Bc6 55. Nf1 Bf3 56. Nd2 Be4 57. Nb3 d3 58. Nd2 h3 59. Nf1 Bg2 60. Nd2
Ke5 61. Nc4+ Kd4 62. Ne3 Kc3 63. Nd1+ Kc2 64. Ne3+ Kc1 65. Nc4 d2 66. Nxd2 Kxd2
67. Kg3 Ke2 68. Kh2 Kf1 0-1

[Event "6. Open Veteranos de Calviá"]
[Site "Calviá ESP"]
[Date "2006.10.22"]
[Round "3.20"]
[White "Febrero Perez, Lluis"]
[Black "Pomar Mir, Francisco"]
[Result "0-1"]
[WhiteElo "1754"]
[BlackElo "1996"]
[PlyCount "58"]
[EventDate "2006.10.20"]
[EventType "swiss"]
[EventRounds "9"]
[EventCountry "ESP"]
[Source "lmi"]
[SourceDate "2006.10.20"]

1. e4 e6 2. d4 d5 3. e5 c5 4. c3 Nc6 5. Nf3 Qb6 6. a3 a5 7. b3 Bd7 8. Bb2 Nh6
9. Be2 Be7 10. O-O O-O 11. a4 cxd4 12. cxd4 Nf5 13. Bb5 Rac8 14. Nc3 f6 15. Rc1
fxe5 16. dxe5 Be8 17. Ne2 Bh5 18. Nf4 Bxf3 19. Qxf3 Nfd4 20. Qe3 Bg5 21. Nxd5
Bxe3 22. Nxb6 Bxc1 23. Bxd4 Nxd4 24. Nxc8 Rxc8 25. Bd7 Rc7 26. Be8 g6 27. Rd1
Bd2 28. Bd7 Rxd7 29. Rxd2 Ne2+ 0-1

[Event "6. Open Veteranos de Calviá"]
[Site "Calviá ESP"]
[Date "2006.10.23"]
[Round "4.2"]
[White "Suba, Mihai"]
[Black "Ermenkov, Evgenij"]
[Result "1/2-1/2"]
[WhiteElo "2535"]
[BlackElo "2455"]
[PlyCount "61"]
[EventDate "2006.10.20"]
[EventType "swiss"]
[EventRounds "9"]
[EventCountry "ESP"]
[Source "lmi"]
[SourceDate "2006.10.20"]

1. c4 Nf6 2. Nf3 g6 3. g3 Bg7 4. Bg2 d6 5. O-O e5 6. d4 Nbd7 7. Nc3 O-O 8. h3
Re8 9. e4 exd4 10. Nxd4 a6 11. Re1 Rb8 12. Rb1 Ne5 13. b3 c5 14. Nc2 Be6 15.
Re3 Rc8 16. f4 Nc6 17. g4 Nd4 18. f5 Bd7 19. g5 Nxe4 20. Rxe4 Bxf5 21. Ne3 Bxe4
22. Nxe4 Rxe4 23. Bxe4 Qxg5+ 24. Bg2 Qh4 25. Nd5 Re8 26. Be3 Nf5 27. Bf2 Qg5
28. Qc1 Qh5 29. Qd1 Qg5 30. Qc1 Qh5 31. Qd1 1/2-1/2

[Event "6. Open Veteranos de Calviá"]
[Site "Calviá ESP"]
[Date "2006.10.23"]
[Round "4.3"]
[White "Simon Padros, Emili"]
[Black "Spassov, Liuben"]
[Result "1/2-1/2"]
[WhiteElo "2260"]
[BlackElo "2365"]
[PlyCount "34"]
[EventDate "2006.10.20"]
[EventType "swiss"]
[EventRounds "9"]
[EventCountry "ESP"]
[Source "lmi"]
[SourceDate "2006.10.20"]

1. e4 c5 2. Nf3 e6 3. d4 cxd4 4. Nxd4 a6 5. g3 d5 6. e5 Nc6 7. Nxc6 bxc6 8. Bg2
Qc7 9. O-O Bc5 10. c4 Ne7 11. Nc3 O-O 12. Na4 Ba7 13. Bf4 dxc4 14. Rc1 a5 15.
Qh5 g6 16. Rxc4 Rb8 17. Rxc6 Qd7 1/2-1/2

[Event "6. Open Veteranos de Calviá"]
[Site "Calviá ESP"]
[Date "2006.10.23"]
[Round "4.4"]
[White "Klempt, Guenter"]
[Black "Bellon Lopez, Juan Manuel"]
[Result "0-1"]
[WhiteElo "2071"]
[BlackElo "2438"]
[PlyCount "62"]
[EventDate "2006.10.20"]
[EventType "swiss"]
[EventRounds "9"]
[EventCountry "ESP"]
[Source "lmi"]
[SourceDate "2006.10.20"]

1. d4 d5 2. c4 c6 3. Nf3 Nf6 4. Nc3 dxc4 5. e4 b5 6. Bg5 b4 7. Na4 Nxe4 8. Bxc4
Nxg5 9. Nxg5 e6 10. Ne4 Nd7 11. O-O Nb6 12. Nxb6 axb6 13. Re1 Be7 14. Qd3 O-O
15. Rad1 Bb7 16. Qh3 Ra5 17. Bb3 g6 18. Nd2 Rh5 19. Qe3 c5 20. Nf3 Qc7 21. d5
c4 22. g4 Rxd5 23. Rxd5 Bxd5 24. Bc2 Bc5 25. Qe5 Bd6 26. Qe3 Bf4 27. Qe2 Ra8
28. Bb1 c3 29. bxc3 Qxc3 30. Ne5 Qh3 31. f3 Ra3 0-1

[Event "6. Open Veteranos de Calviá"]
[Site "Calviá ESP"]
[Date "2006.10.23"]
[Round "4.5"]
[White "Berry, Stephen"]
[Black "Tejero Royo, Fermin"]
[Result "1-0"]
[WhiteElo "2365"]
[BlackElo "2159"]
[PlyCount "67"]
[EventDate "2006.10.20"]
[EventType "swiss"]
[EventRounds "9"]
[EventCountry "ESP"]
[Source "lmi"]
[SourceDate "2006.10.20"]

1. e4 e5 2. Nf3 Nc6 3. Bb5 a6 4. Bxc6 dxc6 5. O-O Bg4 6. d3 Bd6 7. h3 Bh5 8.
Be3 Ne7 9. Nbd2 f6 10. c3 c5 11. d4 cxd4 12. cxd4 exd4 13. Bxd4 Nc6 14. Bc3 Qe7
15. Qc2 Bxf3 16. Nxf3 O-O-O 17. Rfe1 g5 18. Rad1 h5 19. e5 fxe5 20. Qf5+ Kb8
21. Qxg5 Qxg5 22. Nxg5 Rd7 23. Ne4 Rh6 24. Rd3 Re7 25. Red1 Bb4 26. Rd8+ Ka7
27. R8d7 Rhh7 28. R7d5 Bxc3 29. bxc3 b5 30. a4 Kb6 31. axb5 axb5 32. Nf6 Rhf7
33. Nd7+ Ka6 34. Ra1+ 1-0

[Event "6. Open Veteranos de Calviá"]
[Site "Calviá ESP"]
[Date "2006.10.23"]
[Round "4.6"]
[White "Garcia Martinez, Silvino"]
[Black "Serra Olives, Tomas"]
[Result "1-0"]
[WhiteElo "2316"]
[BlackElo "2132"]
[PlyCount "99"]
[EventDate "2006.10.20"]
[EventType "swiss"]
[EventRounds "9"]
[EventCountry "ESP"]
[Source "lmi"]
[SourceDate "2006.10.20"]

1. e4 c5 2. Nf3 d6 3. d4 cxd4 4. Nxd4 Nf6 5. Nc3 a6 6. Be2 e5 7. Nb3 Be7 8. Be3
b5 9. a4 bxa4 10. Rxa4 Bb7 11. Na5 Qc7 12. Nxb7 Qxb7 13. Qa1 O-O 14. O-O Rc8
15. Rd1 a5 16. f3 Nc6 17. Rd2 Nd4 18. Bxd4 exd4 19. Nb5 d5 20. e5 Nd7 21. Nd6
Bxd6 22. exd6 Qb6 23. Kh1 d3 24. Bxd3 Nc5 25. Rd4 Qxd6 26. Rxd5 Qf4 27. Bf1 g6
28. Qd1 a4 29. Rd8+ Rxd8 30. Rxd8+ Rxd8 31. Qxd8+ Kg7 32. Qd1 Qe3 33. Qe2 Qd4
34. c3 Qd6 35. g3 f6 36. Qc2 h5 37. Kg2 g5 38. Be2 Qe5 39. Kf2 h4 40. Qd1 hxg3+
41. hxg3 a3 42. bxa3 Qxc3 43. a4 Kg6 44. Qd5 f5 45. Bc4 Qb2+ 46. Kg1 Qb6 47.
Qf7+ Kh6 48. Kg2 Nxa4 49. Qf8+ Kh7 50. Bg8+ 1-0

[Event "6. Open Veteranos de Calviá"]
[Site "Calviá ESP"]
[Date "2006.10.23"]
[Round "4.7"]
[White "Feiguelman, Boris Dr"]
[Black "Anguera Maestro, Jaime"]
[Result "0-1"]
[WhiteElo "2092"]
[BlackElo "2214"]
[PlyCount "108"]
[EventDate "2006.10.20"]
[EventType "swiss"]
[EventRounds "9"]
[EventCountry "ESP"]
[Source "lmi"]
[SourceDate "2006.10.20"]

1. e4 d6 2. f4 Nf6 3. Nc3 g6 4. d4 Bg7 5. Nf3 c6 6. Bd3 Bg4 7. h3 Bxf3 8. Qxf3
Qb6 9. Ne2 Nbd7 10. c3 e5 11. dxe5 dxe5 12. f5 gxf5 13. Qxf5 O-O-O 14. Rf1 Kb8
15. b4 Ne8 16. Bc2 Nd6 17. Qf3 Rhf8 18. g4 Bf6 19. g5 Be7 20. Qh5 Rh8 21. Rf3
Rdf8 22. Qg4 Qc7 23. Ng3 Nb6 24. Nf5 Nbc4 25. Bb3 Rhg8 26. h4 Nxf5 27. exf5 Nb6
28. f6 Bd6 29. Qe4 c5 30. a3 c4 31. Bc2 Rd8 32. Bd2 Rge8 33. O-O-O a5 34. Kb2
Nd7 35. Ba4 Re6 36. Be1 Nf8 37. Rd5 axb4 38. axb4 Ng6 39. Bd2 Nf4 40. Bxf4 exf4
41. Qc2 Qb6 42. Rb5 Qg1 43. Rd5 Qe1 44. Rd2 Bc7 45. Rxd8+ Bxd8 46. Rxf4 Re2 47.
Rxc4 Bc7 48. Rd4 Rxc2+ 49. Bxc2 Be5 50. Rc4 Qe2 51. Kb3 Bg3 52. Bxh7 Qe6 53. b5
Bxh4 54. Kb4 Bxg5 0-1

[Event "6. Open Veteranos de Calviá"]
[Site "Calviá ESP"]
[Date "2006.10.23"]
[Round "4.8"]
[White "Sarto Ramos, Angel"]
[Black "Buxade Roca, Guillermo"]
[Result "1/2-1/2"]
[WhiteElo "2069"]
[BlackElo "2205"]
[PlyCount "69"]
[EventDate "2006.10.20"]
[EventType "swiss"]
[EventRounds "9"]
[EventCountry "ESP"]
[Source "lmi"]
[SourceDate "2006.10.20"]

1. d4 Nf6 2. Nf3 e6 3. Nbd2 d5 4. e3 Be7 5. Bd3 b6 6. O-O Bb7 7. Ne5 c5 8. c3
Nbd7 9. f4 Qc7 10. Qf3 g6 11. g4 Rf8 12. a4 O-O-O 13. a5 h5 14. axb6 axb6 15.
g5 Ne8 16. Bb5 Nxe5 17. dxe5 Ng7 18. Nb3 Kb8 19. Qe2 Nf5 20. Bd2 c4 21. Nd4 Bc5
22. Ra4 Bxd4 23. cxd4 Bc6 24. Bxc6 Qxc6 25. Rfa1 Rd7 26. Ra6 Rc8 27. Ba5 Rb7
28. Qd2 Qb5 29. Bc3 Kc7 30. Kf2 Kd7 31. Qc2 Ne7 32. Qb1 Nc6 33. R6a4 Rcc7 34.
R1a3 Rc8 35. Qa2 1/2-1/2

[Event "6. Open Veteranos de Calviá"]
[Site "Calviá ESP"]
[Date "2006.10.23"]
[Round "4.9"]
[White "Hutchinson, Paul A"]
[Black "Forteza Valls, Jose Maria"]
[Result "1-0"]
[WhiteElo "2178"]
[BlackElo "2105"]
[PlyCount "59"]
[EventDate "2006.10.20"]
[EventType "swiss"]
[EventRounds "9"]
[EventCountry "ESP"]
[Source "lmi"]
[SourceDate "2006.10.20"]

1. d4 d5 2. c4 e6 3. Nc3 Nf6 4. Bf4 c6 5. e3 Bb4 6. Bd3 Nbd7 7. h3 dxc4 8. Bxc4
Nd5 9. Nge2 Nxf4 10. Nxf4 Nf6 11. O-O Bd6 12. Nd3 O-O 13. Qf3 Qe7 14. e4 e5 15.
dxe5 Bxe5 16. Nxe5 Qxe5 17. Qe3 Re8 18. Rae1 Be6 19. f4 Qa5 20. Bxe6 Rxe6 21.
e5 Rae8 22. Qg3 Nh5 23. Qh4 g6 24. g4 Qb6+ 25. Kh1 Qxb2 26. Ne4 Ng7 27. Nf6+
Rxf6 28. exf6 Ne6 29. f5 Nc7 30. fxg6 1-0

[Event "6. Open Veteranos de Calviá"]
[Site "Calviá ESP"]
[Date "2006.10.23"]
[Round "4.10"]
[White "Estrada Martinez, Cesar"]
[Black "Salgado Gonzalez, Julio"]
[Result "1/2-1/2"]
[WhiteElo "2167"]
[BlackElo "1955"]
[PlyCount "79"]
[EventDate "2006.10.20"]
[EventType "swiss"]
[EventRounds "9"]
[EventCountry "ESP"]
[Source "lmi"]
[SourceDate "2006.10.20"]

1. Nf3 d5 2. g3 Nf6 3. Bg2 Nc6 4. d4 Bf5 5. O-O e6 6. c4 Be7 7. Nc3 O-O 8. Qa4
Nb4 9. Bf4 dxc4 10. a3 Nbd5 11. Qxc4 Nxf4 12. gxf4 Ne4 13. Rac1 c6 14. Rfd1
Nxc3 15. Qxc3 Be4 16. Bh3 Bxf3 17. Qxf3 Qb6 18. Rc2 Bf6 19. Rcd2 Rad8 20. Qc3
g6 21. b4 Qc7 22. e3 Rd7 23. Rc1 Rfd8 24. b5 Rd6 25. Bg2 e5 26. fxe5 Bxe5 27.
f4 Bf6 28. bxc6 bxc6 29. Kh1 Qe7 30. Rd3 Re6 31. Qb3 Bxd4 32. Rcd1 c5 33. h3 c4
34. Qxc4 Bb6 35. Rxd8+ Bxd8 36. e4 Bb6 37. Qc8+ Qe8 38. Qxe8+ Rxe8 39. Rd7 Rd8
40. Rxd8+ 1/2-1/2

[Event "6. Open Veteranos de Calviá"]
[Site "Calviá ESP"]
[Date "2006.10.23"]
[Round "4.11"]
[White "Patola, Eero"]
[Black "Kozarcanin, Sead"]
[Result "1/2-1/2"]
[WhiteElo "1959"]
[BlackElo "2213"]
[PlyCount "59"]
[EventDate "2006.10.20"]
[EventType "swiss"]
[EventRounds "9"]
[EventCountry "ESP"]
[Source "lmi"]
[SourceDate "2006.10.20"]

1. e4 e5 2. c4 Nc6 3. Nc3 Bc5 4. g3 a6 5. Bg2 d6 6. d3 Nf6 7. h3 Be6 8. Nge2
Qd7 9. f4 Qe7 10. f5 Bc8 11. Bg5 Nd4 12. Nd5 Qd8 13. Nxd4 Bxd4 14. Qd2 c6 15.
Nxf6+ gxf6 16. Be3 Qb6 17. Bxd4 Qxd4 18. Ke2 Bd7 19. Rab1 Rg8 20. g4 h5 21. Bf3
O-O-O 22. Qe3 Qxe3+ 23. Kxe3 h4 24. Rh2 b5 25. b3 Kc7 26. Rg2 Bc8 27. Rbg1 Rg5
28. Rc1 Bb7 29. a3 Kb6 30. Rd2 1/2-1/2

[Event "6. Open Veteranos de Calviá"]
[Site "Calviá ESP"]
[Date "2006.10.23"]
[Round "4.12"]
[White "Coll, Enriques Lluis"]
[Black "Lastras Hernandez, Tomas"]
[Result "1-0"]
[WhiteElo "2194"]
[BlackElo "1986"]
[PlyCount "95"]
[EventDate "2006.10.20"]
[EventType "swiss"]
[EventRounds "9"]
[EventCountry "ESP"]
[Source "lmi"]
[SourceDate "2006.10.20"]

1. e4 c5 2. Nc3 Nc6 3. g3 e5 4. Bg2 Nf6 5. d3 Be7 6. h3 O-O 7. Nge2 d6 8. O-O
Ne8 9. f4 f5 10. exf5 Bxf5 11. Bd5+ Kh8 12. g4 Bc8 13. Ng3 Nc7 14. f5 Nxd5 15.
Nxd5 Bg5 16. Bxg5 Qxg5 17. Ne4 Qh4 18. Kg2 Qd8 19. Qd2 Ne7 20. Ndc3 b6 21. Kh2
d5 22. Ng5 Qd6 23. Kh1 Bb7 24. Ne6 Rf7 25. Qh2 a6 26. Rae1 Nc6 27. Qg3 Bc8 28.
Ng5 Rf8 29. Qh4 h6 30. Qh5 Kg8 31. f6 Rxf6 32. Rxf6 Qxf6 33. Qe8+ Qf8 34. Qxc6
Rb8 35. Qxd5+ Kh8 36. Nf7+ Kh7 37. Qe4+ g6 38. Rf1 Qe7 39. Nxe5 Qe6 40. Rf7+
Kg8 41. Rc7 Qf6 42. Qxg6+ Qxg6 43. Nxg6 Bb7+ 44. Kg1 Bf3 45. Kf2 Ba8 46. Kg3
Re8 47. Kh4 Bg2 48. Kh5 1-0

[Event "6. Open Veteranos de Calviá"]
[Site "Calviá ESP"]
[Date "2006.10.23"]
[Round "4.13"]
[White "Penalver Guardia, Josep"]
[Black "Antigua Padros, Jordi"]
[Result "1/2-1/2"]
[WhiteElo "1918"]
[BlackElo "2160"]
[PlyCount "63"]
[EventDate "2006.10.20"]
[EventType "swiss"]
[EventRounds "9"]
[EventCountry "ESP"]
[Source "lmi"]
[SourceDate "2006.10.20"]

1. d4 e6 2. Nf3 d5 3. c4 c6 4. Nc3 f5 5. b3 Bd6 6. Qc2 Nf6 7. Bg5 Nbd7 8. e3
O-O 9. Bd3 h6 10. Bxf6 Nxf6 11. O-O Ne4 12. Ne5 Bd7 13. f3 Nxc3 14. Qxc3 Be8
15. Rae1 Qe7 16. c5 Bc7 17. b4 a5 18. a3 axb4 19. axb4 f4 20. exf4 Rxf4 21. Bc2
Ra2 22. Qd2 Rf6 23. Bh7+ Kxh7 24. Qxa2 Bg6 25. Nxg6 Kxg6 26. Qc2+ Kf7 27. Ra1
Bf4 28. Rfe1 Rg6 29. Ra7 Bxh2+ 30. Kxh2 Qh4+ 31. Kg1 Qxe1+ 32. Kh2 1/2-1/2